Normal view MARC view
  • Hernández Serrano, Federico

Entry Nombre Personal

Number of records used in: 2

001 - NUMERO DE CONTROL

  • campo de control: 51013

003 - IDENTIFICADOR DE NUMERO DE CONTROL

  • campo de control: DLC

005 - FECHA Y HORA DE LA ÜLTIMA TRANSACCIÓN

  • campo de control: 20240213104435.0

008 - DATOS DE LONGITUD FIJA

  • campo de control de longitud fija: 840530nn acnnnaabn |a aaa

010 ## - NÚMERO DE CONTROL DE LA BIBLIOTECA DEL CONGRESO

  • Número de control LC: n 84023260

035 ## - NUMERO DE CONTROL

  • Número de control: (OCoLC)oca01134721

040 ## - FUENTE DE CATALOGACIÓN

  • Agencia original de catalogación: DLC
  • Lenguaje de catalogación: spa
  • Agencia de transcripción: DLC
  • Agencia que lo modifica: DLC
  • Agencia que lo modifica: OCoLC
  • Agencia que lo modifica: TxU
  • Agencia que lo modifica: MX-MxUPN

100 1# - ENCABEZAMIENTO - NOMBRE PERSONAL

  • Nombre personal: Hernández Serrano, Federico

400 1# - VEÁSE - NOMBRE DE PERSONA

  • Personal name: Serrano, Federico Hernández

670 ## - FUENTE EN LA QUE SE LOCALIZARON DATOS

  • Cita de la fuente: Alfonso Caso, Arturo Rosenblueth, Ignacio González G., c1973:
  • Información localizada: página5 (Federico Hernández Serrano)

670 ## - FUENTE EN LA QUE SE LOCALIZARON DATOS

  • Cita de la fuente: Montaje de una exposición escolar, 1965 :
  • Información localizada: cuarta de forros (Federico Hernández Serrano)

902 ## - CATALOGADOR

  • Catalogador: VíctorGodínez/130224